000 00237nam a2200109Ia 4500
008 190216s9999||||xx |||||||||||||| ||und||
100 _aShoodrakan
245 0 _aMrichakadikam
260 _bNbs Kottayam
650 _aNadakam
942 _cBK
999 _c25511
_d25511